| 000 | 00000nam 2200000zi 4500 |
| 001 | 9.940985 |
| 003 | CaOODSP |
| 005 | 20250403102725 |
| 006 | m o d f |
| 007 | cr cn||||||||| |
| 008 | 240724t20242024oncd obs f000 0 fre d |
| 040 | |aCaOODSP|bfre|erda|cCaOODSP |
| 043 | |an-cn--- |
| 086 | 1 |aCS36-28-0001/2024-7-2F-PDF |
| 100 | 1 |aGellatly, Guy, |eauteur. |
| 245 | 10|aComprendre le paradoxe de l’innovation du Canada : |bexplorer les liens entre l’innovation, l’adoption de technologies et la productivité / |cpar Guy Gellatly et Wulong Gu. |
| 264 | 1|a[Ottawa] : |bStatistique Canada = Statistics Canada, |c2024. |
| 264 | 4|c©2024 |
| 300 | |a1 ressource en ligne (7 pages) : |bgraphiques. |
| 336 | |atexte|btxt|2rdacontent/fre |
| 337 | |ainformatique|bc|2rdamedia/fre |
| 338 | |aressource en ligne|bcr|2rdacarrier/fre |
| 490 | 1 |aRapports économiques et sociaux, |x2563-8963 ; |vVol. 4, no. 7, juillet 2024 |
| 500 | |aTitre de la couverture. |
| 500 | |a« Date de diffusion : le 24 juillet 2024. » |
| 500 | |aPublié aussi en anglais sous le titre : Understanding Canada’s innovation paradox : exploring linkages between innovation, technology adoption and productivity. |
| 504 | |aComprend des références bibliographiques (pages 6-7). |
| 520 | |a« Cet article de la série « Pleins feux sur » est un complément d’une nouvelle présentation De la recherche aux connaissances : défis et occasions en matière d’innovation, d’adoption de technologies et productivité, qui met en évidence les principales constatations du programme de recherche sur la productivité et des récentes enquêtes-entreprises de l’organisme. Il permet également d’examiner le lien entre l’intensité concurrentielle et l’innovation et nous renseigne sur le rythme d’intégration des technologies perturbatrices, comme l’intelligence artificielle, dans l’économie » -- Page 1. |
| 650 | 6|aProductivité|zCanada|vStatistiques. |
| 650 | 6|aProductivité|xEffets des innovations sur|zCanada|vStatistiques. |
| 655 | 7|aStatistiques|2rvmgf |
| 710 | 2 |aStatistique Canada, |eorganisme de publication. |
| 775 | 08|tUnderstanding Canada’s innovation paradox : |w(CaOODSP)9.940983 |
| 830 | #0|aRapports économiques et sociaux (Statistique Canada)|x2563-8963 ; |vVol. 4, no. 7, juillet 2024.|w(CaOODSP)9.895770 |
| 856 | 40|qPDF|s541 Ko|uhttps://publications.gc.ca/collections/collection_2024/statcan/36-28-0001/CS36-28-0001-2024-7-2-fra.pdf |
| 856 | 4 |qHTML|sS.O.|uhttps://www150.statcan.gc.ca/n1/pub/36-28-0001/2024007/article/00002-fra.htm |
| 986 | |a36-28-0001 |